00510nam a2200205Ia 4500008004100000020001800041050001700059050001400076100002200090245004300112245002200155260001500177260001600192260000900208300001600217300001100233500002000244650001700264650002300281180523s9999 xx 000 0 und d a0-380-79181-1 aMAIN HG 4521 b.P66 1997 aPond, Jonathan D. 0a4 easy steps to successful investing / 0cJonathan D. Pond. aNew York : bAvon Books, c1997 a233 pages : c21 cm. aIncludes index. aInvestments. xFinance, Personal.